00649nam a22002171a 45000010005000000030008000050050017000130080039000300200015000690350018000840400031001020410008001330820021001411000059001622450062002212500012002832600036002953000028003315040028003596500044003873621BD-RjUL20211208233747.0131219s1968 enk b 000 0 eng a0198251823 a(BD-RjUL)3655 aLCbengcLCdVMOUdBD-RjUL aeng04a341.59bMOC 19681 aMorris, J. H. C.q(John Humphrey Carlile),d1910-1984.10aCases on private international law /cby J. H. C. Morris. a4th ed. aOxford :bClarendon P.,cc1968. axxxii, 531 p. ;c23 cm. aBibliography: p. xxxii. 0aConflict of lawszGreat BritainxCases.